Sports Quiz

Random Sports or Hockey Quiz

Hockey News Top 50 2002 Quiz Stats

Quiz not verified by Sporcle

Challenge
Share
Tweet
Embed
Score 0/50 Timer 10:00
0 Plays Today
Rank Player % Correct
3Joe Sakic
100%
1Nicklas Lidstrom
98%
2Peter Forsberg
98%
11Patrick Roy
95%
4Jaromir Jagr
93.1%
9Mats Sundin
93.1%
5Mario Lemieux
92.1%
27Steve Yzerman
91.1%
7Chris Pronger
90.1%
15Mike Modano
89.1%
8Paul Kariya
88.1%
13Jarome Iginla
88.1%
10Markus Naslund
87.1%
6Rob Blake
85.1%
12Sergei Fedorov
85.1%
29Martin Brodeur
83.2%
16Keith Tkachuk
82.2%
28Patrik Elias
82.2%
32Peter Bondra
82.2%
30Eric Lindros
80.2%
33Daniel Alfredsson
80.2%
37Joe Thornton
79.2%
31Scott Niedermayer
78.2%
17Todd Bertuzzi
77.2%
14Jose Theodore
74.3%
Rank Player % Correct
22Alexei Yashin
73.3%
23Brendan Shanahan
73.3%
21Alexei Kovalev
71.3%
46Jeremy Roenick
71.3%
48Brian Leetch
67.3%
45John LeClair
65.3%
38Ziggy Palffy
63.4%
25Adam Foote
62.4%
44Ron Francis
62.4%
50Curtis Joseph
62.4%
18Bill Guerin
59.4%
40Marian Hossa
59.4%
20Nikolai Khabibulin
58.4%
24Pavel Bure
55.4%
26Sergei Gonchar
51.5%
49Pavol Demitra
51.5%
35Jason Allison
47.5%
43Alexander Mogilny
47.5%
41Ed Jovanovski
44.6%
19Michael Peca
40.6%
47Evgeni Nabokov
38.6%
39Simon Gagne
36.6%
42Chris Chelios
34.7%
36Sean Burke
33.7%
34Bobby Holik
32.7%

You're not logged in!

Compare scores with friends on all Sporcle quizzes.
Sign Up with Email
OR
Log In

You Might Also Like...

Show Comments

Extras

Top Quizzes Today


Score Distribution

Your Account Isn't Verified!

In order to create a playlist on Sporcle, you need to verify the email address you used during registration. Go to your Sporcle Settings to finish the process.

Report this User

Report this user for behavior that violates our Community Guidelines.

Details: